Confusion over sewers and drains responsibilities (Record no. 73525)

MARC details
000 -LEADER
fixed length control field 00966cam a2200193 4500
001 - CONTROL NUMBER
control field WB3937-26
008 - FIXED-LENGTH DATA ELEMENTS--GENERAL INFORMATION
fixed length control field 031001n2003 000 0 eng u
035 ## - SYSTEM CONTROL NUMBER
System control number (Sirsi) u123806
245 ## - TITLE STATEMENT
Title Confusion over sewers and drains responsibilities
260 ## - PUBLICATION, DISTRIBUTION, ETC.
Date of publication, distribution, etc. 2003
490 ## - SERIES STATEMENT
Series statement WaterVoice Press Release
Volume/sequential designation (WV17/03) 30 September 2003 (2)
520 ## - SUMMARY, ETC.
Summary, etc. WaterVoice has published its response to the "Review of existing private sewers and drains in England and Wales", a DEFRA consultation paper. It urges the raising of awareness of who is responsible for the maintenance and repair of private sewers and drains. Copies of the response are available from http://www.watervoice.org.uk. http://www.watervoice.org.uk/aptrix/ofwat/publish.nsf/AttachmentsByTitle/wvcouncil_pn1703/$FILE/wv1703.doc
590 ## - LOCAL NOTE (RLIN)
Local note WB
650 ## - SUBJECT ADDED ENTRY--TOPICAL TERM
Topical term or geographic name entry element SEWERS
650 ## - SUBJECT ADDED ENTRY--TOPICAL TERM
Topical term or geographic name entry element DRAINS
650 ## - SUBJECT ADDED ENTRY--TOPICAL TERM
Topical term or geographic name entry element BUILT ENVIRONMENT-BUILDING MAINTENANCE AND REFURBISHMENT
690 ## - LOCAL SUBJECT ADDED ENTRY--TOPICAL TERM (OCLC, RLIN)
Topical term or geographic name as entry element WASTE MANAGEMENT
942 ## - ADDED ENTRY ELEMENTS (KOHA)
Suppress in OPAC 0
Holdings
Withdrawn status Lost status Source of classification or shelving scheme Damaged status Not for loan Home library Current library Shelving location Date acquired Total Checkouts Full call number Barcode Date last seen Copy number Price effective from Koha item type
    Dewey Decimal Classification     London London News article 01/10/2003   WB3937-26 123806-1002 06/08/2019 2 06/08/2019 News article